| 000 | 01571nam a2200481 ib4500 | ||
|---|---|---|---|
| 001 | 6029 | ||
| 003 | KOSZ 005 | ||
| 005 | 20221115113318.0 | ||
| 008 | 200629s1990 pl a f 000 0 pol | ||
| 015 | _aUWD 1990/10091 | ||
| 020 | _a8385045961 | ||
| 035 | _a991002111129705066 | ||
| 035 | _a(PL-WaBN)b10586568-48omnis_nlop | ||
| 035 | _ab10586568 | ||
| 035 | _a(OCoLC)834089765 | ||
| 035 | _a(PL)b0000001058656 | ||
| 035 | _a(EXLNZ-48OMNIS_NETWORK)9910506205305606 | ||
| 040 |
_aWA N _cWA N _dKOSZ 005/AR |
||
| 046 | _k1990 | ||
| 080 | _a746 | ||
| 080 | _a331.103 | ||
| 100 | 1 |
_aKnobloch, Mieczysław _eAutor |
|
| 245 | 1 | 0 |
_aChcę coś robić : _b[poradnik]. _nT. 1, _pWspółczesna cywilizacja a praca ludzkich rąk / _cMieczysław Knobloch. |
| 260 |
_aWarszawa : _bWydawnictwo Pelikan, _c1990. |
||
| 300 |
_a189, [1] strona : _bilustracje ; _c24 cm. |
||
| 336 |
_aTekst _btxt _2rdacontent |
||
| 337 |
_aBez urządzenia pośredniczącego _bn _2rdamedia |
||
| 338 |
_aWolumin _bnc _2rdacarrier |
||
| 380 | _aKsiążki | ||
| 380 | _aPublikacje naukowe | ||
| 388 | _a1901-2000 | ||
| 388 | _a1989-2000 | ||
| 504 | _aBibliografia na stronach 189-[190]. | ||
| 650 | 7 |
_aPraca ręczna _2DBN |
|
| 650 | 7 |
_aRehabilitacja medyczna _2DBN |
|
| 655 | _aPoradnik | ||
| 658 | _aMedycyna i zdrowie | ||
| 658 | _aHobby i czas wolny | ||
| 710 | _aWydawnictwo Pelikan | ||
| 856 |
_uhttp://koha.tu.koszalin.pl/cgi-bin/koha/opac-detail.pl?biblionumber=6029 _yKatalog online BPK |
||
| 942 |
_2UKD _cKS |
||
| 999 |
_c6029 _d6029 |
||